Normal view
MARC view
- Education
Entry Topical Term
001 - CONTROL NUMBER
- control field: 35262
003 - CONTROL NUMBER IDENTIFIER
- control field: OSt
005 - DATE AND TIME OF LATEST TRANSACTION
- control field: 20190129114618.0
008 - FIXED-LENGTH DATA ELEMENTS
- fixed length control field: 190129|| aca||aabn | a|a d
040 ## - CATALOGING SOURCE
- Original cataloging agency: OSt
- Transcribing agency: OSt
150 ## - HEADING--TOPICAL TERM
- Topical term or geographic name entry element: Education
- Form subdivision: Filipino
- General subdivision: Undergraduate thesis.
670 ## - SOURCE DATA FOUND
- Source citation: Work cat.: (OSt): Pactao-in, Jennefer M. 35261, Metakognitibong kamalayan at estratehiya sa pagbabasa ng mga mag-aaral ng ika-12 baitang ng Senior High School /, October 2018.
